Разработка автоматического способа балансировки маховиков и исследование динамики прибора: Заключительный отчет о НИР; Тема : х/д 4-39/79

Bibliografiska uppgifter
Institutionell upphovsman: Томский политехнический институт (ТПИ) (595)
Övriga upphovsmän: Нестеренко В. П. (руководитель), Соколов А. П. (исполнитель)
Språk:ryska
Publicerad: Томск, 1980
Ämnen:
Materialtyp: MixedMaterials Bok
KOHA link:https://koha.lib.tpu.ru/cgi-bin/koha/opac-detail.pl?biblionumber=160246

MARC

LEADER 00000nbm0a2200000 4500
001 160246
005 20231031155524.0
029 0 0 |a SU  |b 79048166  |f ТПУ 
035 |a (RuTPU)RU\TPU\book\173780 
090 |a 160246 
100 |a 20090520d1980 k y0rusy50 ca 
101 0 |a rus 
102 |a RU 
105 |a a p 001zy 
200 1 |a Разработка автоматического способа балансировки маховиков и исследование динамики прибора  |e Заключительный отчет о НИР  |e Тема : х/д 4-39/79  |f Томский политехнический институт (ТПИ) ; руководитель В. П. Нестеренко ; А. П. Соколов 
210 |a Томск  |d 1980 
215 |a 135 л. 
320 |a Библиогр.: с. 148. 
610 1 |a маховики 
610 1 |a автоматическая балансировка 
610 1 |a динамика 
610 1 |a кардановый подвес 
610 1 |a шары 
610 1 |a инерция 
610 1 |a жесткость 
610 1 |a связи 
610 1 |a угловые скорости 
610 1 |a вращение 
610 1 |a отчеты о НИР 
675 |a 621-56(04)  |v 3 
702 1 |a Нестеренко  |b В. П.  |4 673 
702 1 |a Соколов  |b А. П.  |4 677 
712 0 2 |a Томский политехнический институт (ТПИ)  |c (1944-1991)  |2 stltpush  |3 (RuTPU)RU\TPU\col\1123  |4 595 
801 1 |a RU  |b 63413507  |c 20090520  |g PSBO 
942 |c BK